logo

Bir Sreshtho Munshi Abdur Rouf Library
Jhenaidah Cadet College

Private wants and public needs : (Record no. 8587)

MARC details
000 -LEADER
fixed length control field 01155nam a22003371 4500
001 - CONTROL NUMBER
JCCL Control Number 8587
003 - CONTROL NUMBER IDENTIFIER
JCCL marc code BD - JhCC
005 - DATE AND TIME OF LATEST TRANSACTION
control field 20180920093950.0
008 - FIXED-LENGTH DATA ELEMENTS--GENERAL INFORMATION
fixed length control field 711124s1965 nyu b 000 0 eng
035 ## - SYSTEM CONTROL NUMBER
system control number (BD - JhCC)8587
035 ## - SYSTEM CONTROL NUMBER
system control number (OCoLC)00252781
035 ## - SYSTEM CONTROL NUMBER
system control number GLIS00368155
040 ## - CATALOGING SOURCE
Original cataloging agency DLC
Transcribing agency DLC
Modifying agency m.c.
-- MYG
-- BD - JhCC
041 ## - LANGUAGE CODE
Language code of Book eng
050 0# - LIBRARY OF CONGRESS CALL NUMBER
Classification number HJ257
Item number .P45 1965
082 ## - DEWEY DECIMAL CLASSIFICATION NUMBER
Author mark and Year PHE 1965
Classification number 350
090 ## - LOCALLY ASSIGNED LC-TYPE CALL NUMBER (OCLC); LOCAL CALL NUMBER (OCLC)
Classification number (OCLC) (R) ; Classification number, CALL (RLIN) (NR) HJ257
Local cutter number (OCLC) ; Book number/undivided call number, CALL (RLIN) .P538 1965
099 ## - LOCAL FREE-TEXT CALL NUMBER
Classification number HJ257.P538 1965
100 1# - MAIN ENTRY--PERSONAL NAME
Personal name Phelps, Edmund S.
245 10 - TITLE STATEMENT
Title Private wants and public needs :
Remainder of title issues surrounding the size and scope of Government expenditure /
Statement of responsibility, etc Edited with an introd. by Edmund S. Phelps.
250 ## - EDITION STATEMENT
Edition statement Rev. ed.
260 ## - PUBLICATION, DISTRIBUTION, ETC. (IMPRINT)
Place of publication, distribution, etc New York,
Name of publisher, distributor, etc W. W. Norton
Date of publication, distribution, etc [1965]
300 ## - PHYSICAL DESCRIPTION
Pagination xiii, 178 p.
Dimensions 21 cm.
490 1# - SERIES STATEMENT
Series statement Problems of the modern economy
504 ## - BIBLIOGRAPHY, ETC. NOTE
Bibliography, etc Bibliography: p. 177-178. Bibliographical footnotes.
650 #0 - SUBJECT ADDED ENTRY--TOPICAL TERM
Topical term or geographic name as entry element Fiscal policy
Geographic subdivision United States.
830 #0 - SERIES ADDED ENTRY--UNIFORM TITLE
Uniform title Problems of the modern economy.
942 ## - ADDED ENTRY ELEMENTS (KOHA)
Source of classification or shelving scheme Dewey Decimal Classification
Koha item type Books
949 ## - LOCAL PROCESSING INFORMATION (OCLC)
a MYGR
b 39080003653042
a MYGD
b 39080003518799
-- 39080003518807
a MYGH
b 39080003518815
Holdings
Source of classification or shelving scheme Damaged status Not for loan Home library Current library Shelving location Total Checkouts Full call number Barcode Date last seen Copy number Koha item type
Dewey Decimal Classification     JCC Rouf Library JCC Rouf Library General Stacks   350 PHE 1965 11220 02/27/2018 C - 1 Books

JCC Library | Contacts | JCC Home

Last Update on 23 September 2017
Copyright @ 2017-2020 JCC Rouf Library
Rouf Library, Jhenidah Cadet College (JCC), Bangladesh